| 000 | 00549nam a22001697a 4500 | ||
|---|---|---|---|
| 005 | 20250416145458.0 | ||
| 008 | 250411b |||||||| |||| 00| 0 eng d | ||
| 020 | _a9781788605038 | ||
| 041 | _aeng | ||
| 082 | _a658.812 UNG | ||
| 100 | _a Unger, Todd | ||
| 245 | _aThe 10 Second Customer Journey: The CXO’s Playbook for Growing and Retaining Customers in a Digital World | ||
| 260 |
_aGreat Britain _bPractical Inspiration Publishing _c2024 |
||
| 300 | _a165;. pages 22 cm | ||
| 650 | _aBusiness; Marketing; Customer Relations | ||
| 942 | _cBK | ||
| 999 |
_c43613 _d43613 |
||